เปลี่ยนเป็นภาษาไทย

Change to English
 แสดงรายละเอียดบรรณานุกรม
  กลับหน้าหลัก
ห้องสมุดโรงเรียนพะเยาพิทยาคม...ยินดีต้อนรับ...ทุกท่านเข้าสู่ระบบห้องสมุดอัตโนมัติ

Brief Record : Get Marc (ISO 2709) : E-mail record : QR code ปิดหน้าต่าง
หนังสืออ้างอิง : เกี่ยวกับ Collections
LEADER 01174nam 2200277 a 4500
001    2619
003     ULIBM
008    030417s2550 caua sb 001 0 eng
020    ^a9789748816395
082    ^a020^bน521ห
100    ^aน้ำทิพย์ วิภาวิน.
245    ^aห้องสมุดในฝัน /^c โดย น้ำทิพย์ วิภาวิน.
250    ^aพิมพ์ครั้งที่ 1.
260    ^aกรุงเทพมหานคร :^bเอส อาร์ พริ้นติ้ง แมสโปรดักส์ ,^c2550.
300    ^a130หน้า :^bภาพประกอบ ;^c24ซม.
650    ^aห้องสมุดในฝัน.
945    ^p0^l0^i34065
999     ^aปาริฉัตร์
 
คุณยังไม่ได้ล็อกอิน คุณสามารถมีกิจกรรมร่วมกับเว็บไซต์ได้ แต่ต้องล็อกอินก่อน ::
  ล็อกอิน
ลำดับที่ ประเภท เลขเรียก/บาร์โค้ด สถานที่ สถานะ
1. หนังสือ
หนังสือ
020 น521ห 2550 ฉ.2 
  Barcode: 34065
ห้องสมุด
►หนังสือทั่วไป
On Shelf
  ขอยืม
2. หนังสือ
หนังสือ
020 น521ห 2550 ฉ.3 
  Barcode: 34066
ห้องสมุด
►คู่มือเตรียมสอบ
On Shelf
  ขอยืม
3. หนังสือ
หนังสือ
020 น521ห 2550 ฉ.4 
  Barcode: 34067
ห้องสมุด
►หนังสือทั่วไป
On Shelf
  ขอยืม
4. หนังสือ
หนังสือ
020 น521ห 2550 ฉ.5 
  Barcode: 34069
ห้องสมุด
►หนังสือทั่วไป
On Shelf
  ขอยืม
5. หนังสือ
หนังสือ
020 น521ห 2550 ฉ.6 
  Barcode: 34070
ห้องสมุด
►หนังสือทั่วไป
On Shelf
  ขอยืม
6. หนังสือ
หนังสือ
020 น521ห 2550 ฉ.7 
  Barcode: 34071
ห้องสมุด
►หนังสือทั่วไป
On Shelf
  ขอยืม
7. หนังสือ
หนังสือ
020 น521ห 2550 ฉ.8 
  Barcode: 34072
ห้องสมุด
►หนังสือทั่วไป
On Shelf
  ขอยืม
8. หนังสือ
หนังสือ
020 น521ห 2550 ฉ.9 
  Barcode: 34073
ห้องสมุด
►หนังสือทั่วไป
On Shelf
  ขอยืม
9. หนังสือ
หนังสือ
020 น521ห 2550 ฉ.10 
  Barcode: 34074
ห้องสมุด
►หนังสือทั่วไป
On Shelf
  ขอยืม
10. หนังสือ
หนังสือ
020 น521ห 2550 ฉ.11 
  Barcode: 34075
ห้องสมุด
►หนังสือทั่วไป
On Shelf
  ขอยืม
11. หนังสือ
หนังสือ
020 น521ห 2550 ฉ.13 
  Barcode: 34077
ห้องสมุด
►หนังสือทั่วไป
On Shelf
  ขอยืม
12. หนังสือ
หนังสือ
020 น521ห 2550 ฉ.14 
  Barcode: 34078
ห้องสมุด
►หนังสือทั่วไป
On Shelf
  ขอยืม
  1 2 [2]   [แสดง 12/17 รายการ]

หนังสือดีน่าอ่าน


“ดั่งดวงแก้ว ส่องสว่าง ทางสายงาม”


จัดทำขึ้นเพื่อเฉลิมพระเกียรติ สมเด็จพระเทพรัตนราชสุดา ฯ สยามบรมราชกุมารี 
เนื่องในโอกาสมหามงคลเฉลิมพระชนมพรรษา ๕ รอบ ๒ เมษายน ๒๕๕๘ 

โดยหนังสือเล่มนี้ได้รวบรวม ๖๐ พระอัจฉริยภาพของสมเด็จพระเทพ ฯ 
ผู้อ่านจะได้รับแรงบันดาลใจให้พากเพียรเรียนรู้และขยันอดทนทำการงาน
ตามรอยเบื้องพระยุคลบาท เพราะพระองค์ทรงเป็นแบบอย่างอันดีเยี่ยมในทุกด้าน 

ทั้งในความใฝ่รู้ใฝ่เรียน คุณธรรมจริยธรรม พระวิริยอุตสาหะในการทรงงาน 
และอื่นๆอีกมากมาย ล้วนสามารถสร้างแรงบันดาลใจให้แก่เด็กและเยาวชน

อีกทั้งประชาชนทั่วไป ให้พากเพียรเรียนรู้และขยันอดทนทำการงานตามรอยพระยุคลบาท 
เพื่อฝึกฝนตนเองให้เป็นคนดีคนเก่งของครอบครัวและสังคมต่อไป



แสดงความเห็นเกี่ยวกับหนังสือเล่มนี้


ยังไม่เคยถูกคอมเมนท์

คอมเมนท์ทรัพยากรรายการนี้
  คอมเมนท์: ห้องสมุดในฝัน ..

 
 
 

 

ห้องสมุดเฉลิมพระเกียรติกาญจนาภิเษก  โรงเรียนพะเยาพิทยาคม อำเภอเมือง จังหวัดพะเยา 56000

 E-mail  : Library_ppk@windowslive.com     Library Phayaopittayakom 05-4431-275 ต่อ 4621


 Union Library Management : ULibM
Copyright 2026. All Rights Reserved.